000 00796nam a2200157 a 4500
008 120416s1999 ||||||||||||||||| || u
050 _aSD 398.4 Kum
100 _aKumar, Vinod
245 1 0 _aNursery and plantation practices in forestry
250 _a2nd ed.
260 _aIndia
_bScientific publishers
_c1999
350 _a0.00
995 _D0.00
_FCBU-MAIN LIBRARY (Kitwe)
_H3
_I0.00
_M3
_UDAMAGED
_ZMain Library Open Access Collection
995 _D0.00
_FCBU-MAIN LIBRARY (Kitwe)
_H2
_I0.00
_M2
_UDAMAGED
_WApr 26, 2006
_ZMain Library Open Access Collection
995 _D0.00
_FCBU-MAIN LIBRARY (Kitwe)
_H1
_I0.00
_UDAMAGED
_ZMain Library Open Access Collection
999 _c81531
_d81531